Normal view
MARC view
- Devore, Jay
Entry Personal Name
001 - CONTROL NUMBER
- control field: 4017
003 - CONTROL NUMBER IDENTIFIER
- control field: JO-AjAnu
005 - DATE AND TIME OF LATEST TRANSACTION
- control field: 20230606070947.0
008 - FIXED-LENGTH DATA ELEMENTS
- fixed length control field: 230606|| aca||aabn | a|a d
040 ## - CATALOGING SOURCE
- Original cataloging agency: JO-AjAnu
- Transcribing agency: JO-AjAnu
100 ## - HEADING--PERSONAL NAME
- Personal name: Devore, Jay
670 ## - SOURCE DATA FOUND
- Source citation: Work cat.: (JO-AjAnu)2091: Devore, Jay, author, probabiliity and Statistics for Engineering and the Sciences